000 00270nam a22001217a 4500
008 170210b xxu||||| |||| 00| 0 eng d
041 _aeng
080 _22ND
_a61
100 _a4
101 _aSHM
245 _aGUIDE TO PATIENT EVALUATION
_cSHERMAN, J.L
942 _2udc
_cBK
999 _c5086
_d5086